1185 1798 1394 1460 1078 1625 1647 1236 1727 1442 1753 1837 1243 1066 1334 1706 1775 1255 1748 1229 1317 1849 1689 1334 1500 1142 1243 1762 1458 1224 1979 1312 1433 1922 1282 1007 1006 1565 1942 1111 1675 1694 1232 1405 1283 1483 1560 1015 1362 1174 1088 1244 1037 1790 1708 1420 1155 1301 1570 1077 1336 1115 1355 1890 1067 1361 1245 1250 1415 1261 1942 1505 1796 1484 1513 1218 1121 1745 1465 1193 1698 1688 1159 1226 1978 1697 1169 1015 1008 1330 1060 1371 1884 1659 1751 1880 1405 1392 1505 BCNSPRNW ULIB Ver.6.0+V

เปลี่ยนเป็นภาษาไทย

Change to English
 แสดงรายละเอียดบรรณานุกรม
  กลับหน้าหลัก

Brief Record : Get Marc (ISO 2709) : E-mail record : QR code < ปิดหน้าต่าง
LEADER : 00000nam 2200000uu 4500
001    13399111236
003     ULIB
008    110621s2551||||th 000 0 tha d
020    9789740904892
060 04 WT100^bค181 2551
245 00 ความเสื่อม--หลีกเลี่ยงไม่ได้แต่ชะลอได้ /^cคณะแพทยศาสตร์จุฬาลงกรณ์มหาวิทยาลัย ; บรรณาธิการ : สุทธิชัย จิตะพันธ์กุล... [และคนอื่นๆ]
246 14 ความเสื่อม หลีกเลี่ยงไม่ได้แต่ชะลอได้
246 30 ความเสื่อม...หลีกเลี่ยงไม่ได้แต่ชะลอได้
250    พิมพ์ครั้งที่ 2
260    กรุงเทพฯ :^bคณะแพทยศาสตร์ จุฬาลงกรณ์มหาวิทยาลัย,^c2551
300    78 หน้า ;^c21 ซม.
400  0 ความรู้ทางการแพทย์สู่ประชาชน
650  7 ผู้สูงอายุ^xโรค^xการรักษา
650  7 ผู้สูงอายุ^xสุขภาพและอนามัย
700 0  สุทธิชัย จิตะพันธ์กุล,^eบรรณาธิการ
710 2  จุฬาลงกรณ์มหาวิทยาลัย. ^bคณะแพทยศาสตร์
945    ^p90^l0^i18069
995    กัณชพร
999 ^a ใช้งานได้ทุกระบบ
รายการนี้ยังไม่มีแท็ก
คุณยังไม่ได้ล็อกอิน คุณสามารถมีกิจกรรมร่วมกับเว็บไซต์ได้ แต่ต้องล็อกอินก่อน ::
  ล็อกอิน

รายการสื่อสารสนเทศ

ลำดับที่ ประเภท เลขเรียก/บาร์โค้ด สถานที่ สถานะ
1. วิทยาศาสตร์การแพทย์ และสุขภาพ
วิทยาศาสตร์การแพทย์ และสุขภาพ
WT100 ค181 2551  
  Barcode: 18069
ห้องสมุดวิทยาเขตสวรรค์ประชารักษ์
►ส่วนจัดเก็บหนังสือเก่า สปร
บนชั้น
  ขอยืม

BibComment


ยังไม่เคยถูกคอมเมนท์

คอมเมนท์ทรัพยากรรายการนี้
  คอมเมนท์: ความเสื่อมหลีกเลี..


 Copyright 2026. Bcnsprnw @Library